000
00273nam a22001097a 4500
082
_a
341
100
_a
Agarwal, H.O.
245
_a
International Law /
_c
H.O. Agarwal
300
_a
872 p. ;
_c
24cm.
942
_2
ddc
_c
BK
999
_c
540989
_d
540989